000 00527nam a2200193Ia 4500
005 20250923144424.0
008 008 250917s9999 xx 000 0 eng d
037 _aTextual
040 _aDSWL
_beng
_cDSWL
041 _aeng
_2eng
084 _aX:75t2:N50Z, J2
_qDSWL
245 0 _aFirst five-year plan
_cby Planning Commission
260 _aDelhi
_bPlanning Commission
_c1952
300 _a149 p.
365 _aINR
_b1
925 _g1
942 _cTEXL
_hX:75t2:N50Z, J2
999 _c1438644
_d1438644